<?xml version="1.0" encoding="UTF-8"?>
<record
    xmlns:xsi="http://www.w3.org/2001/XMLSchema-instance"
    xsi:schemaLocation="http://www.loc.gov/MARC21/slim http://www.loc.gov/standards/marcxml/schema/MARC21slim.xsd"
    xmlns="http://www.loc.gov/MARC21/slim">

  <leader>01051nam a22002657a 4500</leader>
  <controlfield tag="003">DO-SdBNP</controlfield>
  <controlfield tag="005">20220721103629.0</controlfield>
  <controlfield tag="007">ta</controlfield>
  <controlfield tag="008">110301s2013    dr ac         000 0 spa d</controlfield>
  <datafield tag="040" ind1=" " ind2=" ">
    <subfield code="a">DO-SdBNP</subfield>
    <subfield code="b">spa</subfield>
    <subfield code="c">BNPHU</subfield>
  </datafield>
  <datafield tag="082" ind1=" " ind2="4">
    <subfield code="a">xxxx</subfield>
    <subfield code="b">C335m</subfield>
  </datafield>
  <datafield tag="100" ind1="1" ind2=" ">
    <subfield code="a">Casares Garc&#xED;a, Raquel</subfield>
    <subfield code="9">53018</subfield>
  </datafield>
  <datafield tag="245" ind1="1" ind2="0">
    <subfield code="a">Mujeres y ni&#xF1;as en contexto de desastres :</subfield>
    <subfield code="b">tres estudios de caso sobre vulnerabilidad y capacidades en la Rep&#xFA;blica Dominicana /</subfield>
    <subfield code="c">Raquel Casares Garc&#xED;a ; pr&#xF3;logo Sharon Goulds, Rosa Ca&#xF1;ete Alonso ; equipo de investigaci&#xF3;n Magaly Gonz&#xE1;lez, Rosmery de la Cruz Suazo</subfield>
  </datafield>
  <datafield tag="260" ind1=" " ind2=" ">
    <subfield code="a">[Santo Domingo] :</subfield>
    <subfield code="b">OXFAM,</subfield>
    <subfield code="c">2013.</subfield>
  </datafield>
  <datafield tag="300" ind1=" " ind2=" ">
    <subfield code="a">59 p. :</subfield>
    <subfield code="b">il., retr. </subfield>
    <subfield code="c">28 cm.</subfield>
  </datafield>
  <datafield tag="500" ind1=" " ind2=" ">
    <subfield code="a">Incluye notas a pie de paginas. </subfield>
  </datafield>
  <datafield tag="504" ind1=" " ind2=" ">
    <subfield code="a">Bibliograf&#xED;a p: 54-55</subfield>
  </datafield>
  <datafield tag="590" ind1=" " ind2=" ">
    <subfield code="a">Inventariado, 2022/ YL</subfield>
  </datafield>
  <datafield tag="700" ind1="1" ind2="2">
    <subfield code="a">Goulds, Sharon</subfield>
    <subfield code="e">prol.</subfield>
    <subfield code="9">82063</subfield>
  </datafield>
  <datafield tag="700" ind1="1" ind2="2">
    <subfield code="a">Ca&#xF1;ete Alonso, Rosa</subfield>
    <subfield code="e">prol.</subfield>
    <subfield code="9">185</subfield>
  </datafield>
  <datafield tag="700" ind1="1" ind2="2">
    <subfield code="a">Gonz&#xE1;lez, Magaly</subfield>
    <subfield code="e">eq. inv.</subfield>
    <subfield code="9">82064</subfield>
  </datafield>
  <datafield tag="700" ind1="1" ind2="2">
    <subfield code="a">Cruz Suazo, Rosmery de la </subfield>
    <subfield code="e">eq. inv.</subfield>
    <subfield code="9">82065</subfield>
  </datafield>
  <datafield tag="910" ind1=" " ind2=" ">
    <subfield code="a">YLockward</subfield>
  </datafield>
  <datafield tag="942" ind1=" " ind2=" ">
    <subfield code="2">ddc</subfield>
    <subfield code="c">LBS1</subfield>
  </datafield>
  <datafield tag="952" ind1=" " ind2=" ">
    <subfield code="0">0</subfield>
    <subfield code="1">0</subfield>
    <subfield code="2">ddc</subfield>
    <subfield code="5">1</subfield>
    <subfield code="7">0</subfield>
    <subfield code="8">PD</subfield>
    <subfield code="a">BNPHU</subfield>
    <subfield code="b">BNPHU</subfield>
    <subfield code="c">CT</subfield>
    <subfield code="d">2018-02-19</subfield>
    <subfield code="e">Amigo del Hogar</subfield>
    <subfield code="l">0</subfield>
    <subfield code="o">xxxx C335m</subfield>
    <subfield code="p">2022-3521</subfield>
    <subfield code="r">2022-07-21</subfield>
    <subfield code="w">2022-07-21</subfield>
    <subfield code="y">LBS1</subfield>
  </datafield>
  <datafield tag="952" ind1=" " ind2=" ">
    <subfield code="0">0</subfield>
    <subfield code="1">0</subfield>
    <subfield code="2">ddc</subfield>
    <subfield code="5">1</subfield>
    <subfield code="7">0</subfield>
    <subfield code="8">PD</subfield>
    <subfield code="a">BNPHU</subfield>
    <subfield code="b">BNPHU</subfield>
    <subfield code="c">CT</subfield>
    <subfield code="d">2018-02-19</subfield>
    <subfield code="e">Amigo del Hogar</subfield>
    <subfield code="l">0</subfield>
    <subfield code="o">xxxx C335m</subfield>
    <subfield code="p">2022-3522</subfield>
    <subfield code="r">2022-07-21</subfield>
    <subfield code="t">e. 2</subfield>
    <subfield code="w">2022-07-21</subfield>
    <subfield code="y">LBS1</subfield>
  </datafield>
  <datafield tag="999" ind1=" " ind2=" ">
    <subfield code="c">52210</subfield>
    <subfield code="d">52210</subfield>
  </datafield>
</record>
